00626nam a2200193Ia 4500008004100000020001400041082001700055100003300072245004800105250000800153260003600161300002800197500001900225600001500244650001500259942000700274952013400281999001700415240925s9999 xx 000 0 und d a412402408 a658.4033 CUR aCurwin, John ; Slater, Roger 0aQuantitative Methods for Business Decisions a3rd aLondon:bChapman & Hallc,1991. axii, 553p.b0fOriginal aIncludes Index aManagement aManagement cBK 001040708MANaUITUbUITUd2018-12-08eShahid Book Centerg625.00l0o658.4033 CURpQ12017r2024-09-25 07:16:17w2024-09-25yBK c14516d14516